00619nam a2200193Ia 4500003000900000008004100009020003000050020003100080040001600111100003200127245002300159260005700182300002000239650002600259650003500285650002000320650001200340856007300352IN-BaIIA211028s9999 xx s 000 0 eng d a978-3-642-22976-3 (Print) a978-3-642-22977-0 (Online) cIIA Library aStefanita, Carmen-Gabriela  0aMagnetismh[eBook] aHeidelberg, BerlinbSpringer Berlin Heidelbergc2012 aOnline resource a Engineering, general a Magnetism, Magnetic Materials a Nanotechnology aPhysics uhttp://doi.org/10.1007/978-3-642-22977-0yClick Here to Access eBook